Billboard - součást outdoorové reklamy, aneb, Žijeme v džungli?

Podrobná bibliografia
Hlavný autor: Masařová, Klára, 1971- (Autor)
Médium: Kniha
Jazyk:čeština
angličtina
Fyzický popis:153 s. grafy, ilustr., tab. 24 cm
Vydavateľské údaje: Ostrava Key Publishing 2014
ISBN:9788074182068
Vydanie:1. vyd.
Edícia:Monografie
Predmet:

MARC

LEADER 00000cam a2200000 a 4500
001 vtls010596713
003 SK-MaSNL
005 20260301145508.0
008 240318s2014 xr oa f 001 0 cze
020 |a 9788074182068  |q (brož.) 
040 |a SNK  |b slo  |c SNK  |e AACR2 
041 0 |a cze  |a eng 
043 |a e-xr--- 
044 |a xr  |c CZ 
072 7 |a 659  |x Reklama. Public relations. Médiá  |2 konspekt 
080 |a 659.1-026.91  |2 2001 
080 |a 659.133  |2 2001 
080 |a (437.3)  |2 2001 
080 |a (048.8)  |2 2001 
100 1 |a Masařová, Klára,  |d 1971-  |4 aut  |9 505381 
245 1 0 |a Billboard - součást outdoorové reklamy, aneb, Žijeme v džungli?  |c Klára Masařová 
246 3 0 |a Žijeme v džungli? 
250 |a 1. vyd. 
260 |a Ostrava  |b Key Publishing  |c 2014 
300 |a 153 s.  |b grafy, ilustr., tab.  |c 24 cm 
490 1 |a Monografie 
650 0 7 |a reklama a propagácia  |2 SNKPH  |9 66573 
650 0 7 |a reklamné plagáty  |2 SNKPH  |9 90355 
650 0 7 |a reklamné médiá  |2 SNKPH  |9 3161 
650 0 7 |a marketingová komunikácia  |2 SNKPH  |9 2300 
650 0 7 |a Advertising  |2 SNKPHeng  |9 267406 
650 0 7 |a Advertising posters  |2 SNKPHeng  |9 359982 
650 0 7 |a Advertising media  |2 SNKPHeng  |9 354936 
655 7 |a monografie  |2 SNKPH  |9 70139 
655 7 |a Monographs  |2 SNKPHeng  |9 120675 
830 0 |a Monografie  |9 291670 
852 |a Štátna vedecká knižnica v Banskej Bystrici 
919 |a 978-80-7418-206-8 
999 |c 780348  |d 782278 
952 |a SNK  |b SNK  |y VYP  |7 0  |p 17A1113600  |o snkIC 141346  |i snk2014/15816  |8 4  |g 8.71  |0 0  |1 0  |4 0  |d 2014-06-26  |l 0  |r 2026-02-24 01:02:43  |w 2026-02-24